La simulación en derecho privado: doctrina y jurisprudencia
Guardat en:
| Autor principal: | |
|---|---|
| Format: | Llibre |
| Idioma: | espanyol |
| Publicat: |
Santiago
Jurídica de Chile
2003
|
| Edició: | 3a. ed |
| Matèries: | |
| Etiquetes: |
Afegir etiqueta
Sense etiquetes, Sigues el primer a etiquetar aquest registre!
|
MARC
| LEADER | 00000nam a2200000 a 4500 | ||
|---|---|---|---|
| 001 | UCL4059 | ||
| 003 | CL-VaPUC | ||
| 008 | 031219e20030000CL |||||||||||||||||spa|d | ||
| 020 | |a 9561014793 | ||
| 082 | 0 | 4 | |a 346.8303 |b PAI |2 21 |
| 100 | |a Paillas Peña, Enrique |e autor |9 768803 | ||
| 245 | 1 | 3 | |a La simulación en derecho privado: doctrina y jurisprudencia |
| 250 | |a 3a. ed | ||
| 300 | |a 107 p | ||
| 942 | |c BK | ||
| 945 | |d 20031219 00:00:00 |a cmena | ||
| 260 | |a Santiago |b Jurídica de Chile |c 2003 | ||
| 650 | 0 | |a Derecho probatorio |9 378460 | |
| 650 | 0 | |a Prueba |9 256247 | |
| 650 | 0 | |a Jurisprudencia |9 255952 | |
| 650 | 7 | |a SIMULACION |2 CL-VaPUC |9 338579 | |
| 650 | 0 | |a Actos jurídicos |9 255748 | |
| 583 | |a last modification |c 20031219 00:00:00 |k Rodrigo Vera | ||
| 999 | |c 307009 |d 307007 | ||
| 952 | |0 0 |1 0 |4 0 |6 346_830300000000000_PAI_2003 |7 0 |8 A |9 372472 |a BIBDER |b BIBDER |d 2019-11-21 |i 392825K |o 346.8303 PAI 2003 |p 392825K |r 2023-01-25 |w 2019-11-21 |y BK |k DER | ||